ბათუმის შოთა რუსთაველის სახელმწიფო უნივერსიტეტის ბიბლიოთეკა

თანადობის კრიტერიუმების გამოყენება წყლის ქიმიური დამუშავების პროცესში. (ბიბ.ჩანაწერი № 39637)

000 -ლიდერი
ფიქსირებული სიგრძის საკონტროლო ველი 01264nam a2200229Ia 4500
001 - საკონტროლო ნომერი
საკონტროლო ველი 6237
003 - საკონტროლო ნომრის იდენტიფიკატორი
საკონტროლო ველი GE_BSU
005 - ბოლო ოპერაციის თარიღი და დრო
საკონტროლო ველი 20190620183305.0
008 - ფიქსირებული სიგრძის მონაცემთა ელემენტები - ზოგადი ინფორმაცია
ფიქსირებული სიგრძის საკონტროლო ველი 181216s2006||||ge |||||||||||||| ||geo||
040 ## - კატალოგიზაციის წყარო
Transcribing agency GE_BSU
041 ## - ენის კოდი
Language code of text/sound track or separate title geo
080 ## - უნივერსალური ათობითი კლასიფიკაციის ინდექსი
Universal Decimal Classification number 628.1 : 66 თ-29
245 ## - ცნობა სათაურის შესახებ
Title თანადობის კრიტერიუმების გამოყენება წყლის ქიმიური დამუშავების პროცესში.
Statement of responsibility, etc ზ. მეგრელიშვილი, შ. დიდმანიძე, ზ. ბერიძე და სხვა. ; რედ. დ. ჩხაიძე
264 ## - წარმოების, გამოცემის, დისტრიბუციის და სხვა ცნობები
გამოცემის, წარმოების, დისტრიბუციის... ადგილი ბათუმი :
გამოცემის, წარმოების, დისტრიბუციის... სახელწოდება ბათუმის უნ-ტი,
გამოცემის, წარმოების, დისტრიბუციის... თარიღი 2006.
300 ## - ფიზიკური აღწერა
Extent 122 გვ. :
Other physical details ცხრ. ;
Accompanying material 20სმ.
504 ## - BIBLIOGRAPHY, ETC. NOTE
Bibliography, etc ბიბლიოგრ. : გვ. 116.
653 ## - INDEX TERM--UNCONTROLLED
Uncontrolled term თანაფარდობის კრიტერიუმების გამოყენება წყლის ქიმიური დამუშავების პროცესში.
653 ## - INDEX TERM--UNCONTROLLED
Uncontrolled term ქიმია
653 ## - INDEX TERM--UNCONTROLLED
Uncontrolled term წყლის ქიმიური დამუშავება.
700 ## - ADDED ENTRY--PERSONAL NAME
Personal name ჩხაიძე, დ.
Relator term რედაქტორი
9 (RLIN) 1824
942 ## - ADDED ENTRY ELEMENTS (KOHA)
Koha item type წიგნი
Source of classification or shelving scheme
ეგზემპლარები
ჩამოწერის სტატუსი დაკარგული ეგზემპლარის სტატუსი კლასიფიკაციის წყარო ან თაროზე გაწყობის სქემა დაზიანების სტატუსი არ გაიცემა მუდმივი მდებარეობა (დაცვის ადგილი) ამჟამინდელი ადგილსამყოფელი თაროზე განთავსების ადგილი შეძენის თარიღი სრული შენახვის შიფრი შტრიხკოდი ბოლო ოპერაციის თარიღი ეგზემპლარის მიმდევრობითი ნომერი (კეტერი?) ფასის ძალაში შესვლის თარიღი ეგზემპლარის სახეობა
          ტექნოლოგიური ფაკულტეტის ბიბლიოთეკა ტექნოლოგიური ფაკულტეტის ბიბლიოთეკა წიგნსაცავი 2018-12-17 628.1 : 66 თ-29 12396 2018-12-17 12396 2018-12-17 წიგნი